000 00310nam a2200121Ia 4500
008 240731s9999 xx 000 0 und d
022 _a1934-8703
245 0 _aInformation Systems Management
260 _bTaylor & Francis
856 _uhttps://www.tandfonline.com/loi/uism20
942 _2ddc
942 _cTFEJ
999 _c76957
_d76957
945 _a1
_bMadushi Gamage
_c1
_dMadushi Gamage